00483nam a2200193 a 4500001001300000003000900013005001700022008004100039020001100080082001600091100001800107245003400125260003100159300000900190500003500199505001000234650002700244700001800271nice12345678IN_TiNIC20260116011308.0050524s1962 bosa grp 000 0 eng  ac77.500a231.76bWIL aWilley, Basil aEighteenth Century Background aBostonbBeacon Pressc1962 a302p aincludes index and biblioraphy2 aIndex aPhilosophical-Theology1 aWilley, Basil